Financial management : (Record no. 39485)

MARC details
000 -LEADER
fixed length control field 02005nam a22003257a 4500
005 - DATE AND TIME OF LATEST TRANSACTION
control field 20100805143924.0
010 ## - LCCN (DPL NO)
LC control number ENG-98203 B-426591-595
020 ## - INTERNATIONAL STANDARD BOOK NUMBER
International Standard Book Number 9788189012670
Terms of availability 500.00
035 ## - SYSTEM CONTROL NUMBER
System control number EN-81736 B-426591-595
037 ## - SOURCE OF ACQUISITION
Source of stock number/acquisition DBAD/PUB
037 ## - SOURCE OF ACQUISITION
Source of stock number/acquisition Allied Pub/Ven
082 ## - DEWEY DECIMAL CLASSIFICATION NUMBER
Classification number 658.15
100 ## - MAIN ENTRY--PERSONAL NAME
Personal name Tandon, Ramanjit
245 ## - TITLE STATEMENT
Title Financial management :
Remainder of title (strictly on the basic of prescribed syllabus with modern trends) /
260 ## - PUBLICATION, DISTRIBUTION, ETC. (IMPRINT)
Place of publication, distribution, etc New Delhi
Name of publisher, distributor, etc Gnosis
Date of publication, distribution, etc 2009
270 ## - ADDRESS
Address E-35/103, Jawahar Park, Laxmi Nagar
City New Delhi
Postal code 110092
300 x# - PHYSICAL DESCRIPTION
Extent x, 215p.
Dimensions 24cm (Hb)
500 ## - GENERAL NOTE
General note Includes bibligraphical references and index
650 ## - SUBJECT ADDED ENTRY--TOPICAL TERM
Topical term or geographic name as entry element Corporations-finance
650 ## - SUBJECT ADDED ENTRY--TOPICAL TERM
Topical term or geographic name as entry element Managerial accounting
650 ## - SUBJECT ADDED ENTRY--TOPICAL TERM
Topical term or geographic name as entry element Bussiness enterprises-finance
942 ## - ADDED ENTRY ELEMENTS (KOHA)
Source of classification or shelving scheme Dewey Decimal Classification
Item type English Books
Classification part 658.15
Call number suffix TAN
Holdings
Withdrawn status Lost status Not for loan Collection code Home library Current library Date acquired Source of acquisition Cost, normal purchase price Full call number Barcode Copy number Cost, replacement price Koha item type
      Non-fiction Central Library Central Library 28/04/2011 Allied Pub/2879/23.3.11/78/14.3.11/29.3.11 500.00 658.15 TAN B-426591 1 500.00 English Books
    Not For Loan Non-fiction D.B.Act.Division D.B.Act.Division 05/08/2010 DBAD/PUB 500.00 658.15 TAN EN-81736 1 500.00 English Books
      Non-fiction Narela Narela 28/04/2011 Allied Pub/2879/23.3.11/78/14.3.11/29.3.11 500.00 658.15 TAN B-426594 1 500.00 English Books
  Written-off vide DLB M. No. 383 dt 16.05.19   Non-fiction Patel Nagar Patel Nagar 28/04/2011 Allied Pub/2879/23.3.11/78/14.3.11/29.3.11 500.00 658.15 TAN B-426592 1 500.00 English Books
  Written-off vide DLB M. No. 383 dt 16.05.19   Non-fiction Sarojini Nagar Sarojini Nagar 28/04/2011 Allied Pub/2879/23.3.11/78/14.3.11/29.3.11 500.00 658.15 TAN B-426593 1 500.00 English Books
      Non-fiction Shahdara Branch Shahdara Branch 28/04/2011 Allied Pub/2879/23.3.11/78/14.3.11/29.3.11 500.00 658.15 TAN B-426595 1 500.00 English Books

© Delhi Public Library
Hit Counter
free hit counter